| 000 | 00739nam a2200241Ia 4500 | ||
|---|---|---|---|
| 003 | OSt | ||
| 005 | 20230516110821.0 | ||
| 008 | 210423s2014 xx 000 0 und d | ||
| 020 | _a978-0-19-563721-2 | ||
| 040 | _cAL | ||
| 041 | _aeng | ||
| 082 | _a954 SUBA | ||
| 100 |
_aGUHA (Ranajit) _9104901 |
||
| 245 |
_aSubaltern studies Vol 9: writing on South Asian history and society _cAMIN (Shahid);CHAKRABARTY (Dipesh) Ed |
||
| 260 |
_aNew Delhi _bOxford University Press _c2014 |
||
| 300 |
_ax,284 _bPB |
||
| 365 |
_b295 _cINR |
||
| 440 | _v9 | ||
| 650 |
_aHistory of Asia _9104902 |
||
| 650 |
_aHistory of India _9104903 |
||
| 906 | _a9: ; Asian ; history ; society ; South ; studies ; Subaltern ; Vol ; writing | ||
| 942 |
_2ddc _cBK |
||
| 999 |
_c166282 _d166282 |
||